000 00299nam a22001217a 4500
008 181102b xxu||||| |||| 00| 0 eng d
041 _aeng
080 _22nd
_a159.9
100 _a48
101 _aPSI
245 _aExperimental Psychology A Methodological Approach
_cGuigan,F.J.M
942 _2udc
_cBK
999 _c51596
_d51596